000 00407nam a2200145Ia 4500
008 230711s9999||||xx |||||||||||||| ||und||
041 _aENG
082 _a720
_bFA-A
100 _aFalcone,Joseph D.
245 0 _aArchitectural drawing and design: principles and practices
250 _a1st . Ed.
260 _c1990
_aNew Jersy
_bPrentice-Hall of India Private Limited
650 _aArchitecture
942 _cBK
999 _c1439
_d1439